Pays ayant le plus de frontières maritimes - Statistiques

Statistiques générales
  • Ce quiz a été pris 240 fois
  • Le résultat moyen est 16 sur 26
Statistiques - réponses
N Pays % Correct
53 France
98%
28 États-Unis
97%
15 Russie
97%
9 Chine
92%
42 Royaume-Uni
89%
11 Australie
86%
14 Espagne
86%
17 Indonésie
79%
11 Italie
79%
11 Nouvelle-Zélande
69%
9 Turquie
68%
14 Danemark
67%
10 Suède
64%
11 Arabie saoudite
62%
10 Malaisie
61%
10 Égypte
55%
8 Maroc
55%
13 Pays-Bas
55%
8 Cuba
51%
8 Madagascar
49%
12 Iran
47%
12 Colombie
35%
15 Venezuela
32%
9 Kiribati
22%
14 Chypre
21%
9 Honduras
11%
Aucun quiz correspondant
Distribution des résultats
% des personnes avec chaque résultat
Percentile par nombre de réponses
Votre historique - résultats
Vous n’avez pas pris ce quiz